01737nam a22003135a 4500999001700000005001700017008004100034020001500075020001800090040003800108082002100146100003200167245007800199250001200277260004100289300004600330504005100376520020500427650004500632651004800677651005600725653004400781700002700825942000800852952015700860952013601017952013601153952013401289 c11386d1138620201128020745.0090422t2008 couab frb 001 0 eng d a0813343488 a9780813343488 aEG-ScBUEbengcEG-ScBUEdEG-ScBUE04a338.956bRIC2221 aRichards, Aland1946-9273412aA political economy of the Middle East / cAlan Richards, John Waterbury. a3rd ed. aBoulder : bWestview Press,cc.2008. axviii, 474 p. : bcharts, maps ; c23 cm. aIncludes bibliographical references and index. aAn analysis of the transformation of the political economy of the nations of the Middle East over the past several decades. The authors stress the interrelation of politics and development strategies. 7aWorking classzMiddle East.2BUEsh92735 7aMiddle EastxEconomic policy.2BUEsh929818 7aMiddle EastxPolitics and government.2BUEsh911754 bBUSECObBUSBOLcSeptember2014cJuly20181 aWaterbury, John.92739 2ddc 00102ddc40708BaccahaMAINbMAINc1STd2009-04-22epurchaseg320.00h6993l1o338.956 RICp000015785q2011-03-28r2010-10-19 00:00:00s2010-10-19yBB 00102ddc40708BaccahaMAINbMAINc1STd2009-04-22epurchasel30m50o338.956 RICp000036389r2025-07-15 00:00:00s2019-09-16yBB 00102ddc40708BaccahaMAINbMAINc1STd2012-03-25epurchasel23m82o338.956 RICp000026521r2025-07-15 00:00:00s2018-11-12yBB 00102ddc40708BaccahaMAINbMAINc1STd2018-07-17ePurchasel3m4o338.956 RICp000043465r2025-07-15 00:00:00s2020-11-24yBB